| 000 | 00597nam a2200181Ia 4500 | ||
|---|---|---|---|
| 008 | 100920s9999 xx 000 0 und d | ||
| 082 |
_b95627 _a891.43 न 03 |
||
| 100 | _aराय नंदकुमार. | ||
| 245 | _aबीत गई सारी रात. | ||
| 260 |
_bलिट्रेसी हाऊस, नई दिल्ली. _c2003 |
||
| 300 |
_a80 _bसाधी |
||
| 365 | _b75 | ||
| 520 | _aहिंदी. | ||
| 630 | _aबीत गई सारी रात. | ||
| 650 | _aहिंदी. | ||
| 730 | _aबीत गई सारी रात. | ||
| 942 | _cBOOK | ||
| 999 |
_c736069 _d736066 |
||